000 005470000a22001810004500
003 MACL
005 20160320135427.0
008 160320b xxu||||| |||| 00| 0 eng d
040 _aMACL
_cMACL
041 _aHindi
082 _a004
100 _aशंकर सिंह नाथावत
_947754
245 _aकम्‍प्‍यूटर विज्ञान
260 _aजयपुर
_bमोनिका पब्लिकेशन्‍स
_c2012
350 _a250
650 _aComputer Sci.
_947710
942 _cHIN
_k004
_2ddc
999 _c46995
_d46995